000 00319cam a22001217a 4500
008 180718b1985 xxu||||| |||| 00| 0 eng d
082 _aR16x54 Sh23
100 _aSharan, Raka
245 _aIndian women workers
_cby Raka Sharan
260 _aDelhi
_bCosmo
_c1985
300 _a188p.
650 _aWomen - Employment - India
999 _c354255
_d354255